Zum verwechseln ähnliche Flaggen - Statistiken

Allgemein
  • Dieses Quiz wurde 263 mal gespielt
  • Das Durchschnittsergebnis liegt bei 74 aus 110
Antwortstatistiken
Bildquiz Antwort % Korrekt
Argentinien
96%
Griechenland
96%
Israel
96%
Indien
95%
Polen
95%
Irland
94%
Italien
94%
Indonesien
92%
Mexiko
92%
Monaco
91%
Uruguay
91%
Elfenbeinküste
90%
Iran
90%
Katar
90%
San Marino
90%
Vereinigte Staaten von Amerika
89%
Bulgarien
88%
Ungarn
88%
Belarus
87%
Chile
87%
Belgien
86%
Deutschland
86%
Honduras
86%
Tschechien
86%
Ägypten
85%
Bahrain
84%
El Salvador
84%
Nicaragua
84%
Irak
82%
Thailand
82%
Malaysia
81%
Japan
80%
Niger
80%
Botswana
79%
Uganda
79%
Antigua und Barbuda
78%
Guatemala
78%
Kenia
78%
Kuba
78%
Lesotho
78%
Costa Rica
77%
Kiribati
77%
Philippinen
77%
Bangladesch
76%
Haiti
76%
Taiwan
76%
Rumänien
74%
Syrien
74%
Tadschikistan
73%
Andorra
72%
Belize
72%
Dschibuti
72%
Kap Verde
72%
Liberia
72%
Kolumbien
71%
Jordanien
70%
Armenien
69%
Moldawien
69%
St. Vincent und die Grenadinen
69%
Venezuela
69%
Ecuador
67%
Kuwait
66%
Samoa
66%
Vereinigte arabische Emirate
66%
Malawi
65%
Palau
65%
Sierra Leone
65%
Libyen
64%
Nauru
64%
Tschad
64%
Gabun
63%
Jemen
63%
Ruanda
63%
Sudan
62%
Äthiopien
60%
Ghana
59%
Burkina Faso
56%
Benin
55%
Litauen
55%
Kamerun
53%
Myanmar
52%
Grenada
51%
Guyana
51%
Bolivien
49%
Senegal
49%
Sao Tomé und Príncipe
47%
Seychellen
47%
Guinea
46%
Mali
45%
Republik Kongo
45%
Zentralafrikanische Republik
45%
Mauritius
44%
Guinea Bissau
43%
Simbabwe
43%
Togo
43%
Trinidad und Tobago
43%
Vanuatu
43%
St. Kitts und Nevis
42%
Suriname
42%
Tansania
42%
Somalia
40%
Palästina
38%
Demokratische Republik Kongo
37%
Marshallinseln
36%
Mikronesien
36%
Namibia
36%
Republik Kongo
33%
Salomonen
33%
St. Kitts
33%
Texas
32%
Keine übereinstimmenden Quizze gefunden
Verteilung der Resultate
Anzahl Personen mit jedem Resultat
Perzentil nach korrekt beantworteten Fragen
Ihre Resultats-Entwicklung
Sie haben dieses Quiz noch nicht gespielt